[Event "Torneo Interdepartamental 2020"]
[Site "Punta del Este"]
[Date "2020.10.31"]
[Round "1.11"]
[White "Pinero, Ismael"]
[Black "Alzugaray, Ernesto"]
[Result "*"]
[WhiteElo "1882"]
[BlackElo "1620"]
[Annotator "NA RC"]
[PlyCount "115"]
[EventDate "2020.10.31"]
[EventType "team-tourn"]
[EventCountry "URU"]
[SourceTitle "playchess.com"]
[Source "ChessBase"]
[SourceQuality "1"]
[TimeControl "3600+30"]

1. e4 {[%emt 0:00:00]} g6 {[%emt 0:00:00]} 2. d4 {[%emt 0:00:00]} Bg7 {[%emt 0:00:09]} 3. Nc3 {[%emt 0:00:05]} e6 {[%emt 0:00:08]} 4. Be3 {[%emt 0:00:22]} d5 {[%emt 0:00:09]} 5. Qd2 {[%emt 0:00:23]} Nc6 {[%emt 0:00:32]} 6. Bb5 {[%emt 0:00:11] [#] B06: Modern Defence.} a6 $146 ({Predecessor:} 6... dxe4 7. O-O-O Nf6 8. f3 exf3 9. Nxf3 O-O 10. Bxc6 bxc6 11. Bh6 Rb8 12. Rhe1 Qd6 13. Bxg7 Kxg7 {1-0 (40) Lyell,M (2239)-Vegh,E (2271) Budapest 2016}) 7. Bxc6+ bxc6 {[%emt 0:01:09]} 8. Nf3 {[%emt 0:00:41]} Nf6 9. e5 Ne4 10. Nxe4 dxe4 {[%emt 0:02:31]} 11. Ng5 {[%emt 0:01:02]} Qd5 {[%emt 0:00:37]} 12. O-O {[%emt 0:00:31]} h6 13. Nh3 O-O 14. Bxh6 c5 {[%emt 0:02:28]} 15. c3 {[%emt 0:01:57]} Bb7 {[%emt 0:00:13]} 16. Bxg7 {[%emt 0:00:37]} e3 17. fxe3 Kxg7 {[%emt 0:01:43]} 18. Qf2 {[%emt 0:00:56]} f5 {[%emt 0:00:49]} 19. Qg3 {[%emt 0:01:11]} Rh8 {[%emt 0:00:23]} 20. Nf4 {[%emt 0:00:14]} Qc6 {[%emt 0:01:25]} 21. Qxg6+ {[%emt 0:00:28]} Kf8 {[%emt 0:00:25]} 22. Nxe6+ {[%emt 0:01:12]} Ke7 {[%emt 0:00:13]} 23. Qf6+ {[%emt 0:00:26]} Ke8 {[%emt 0:00:44]} 24. Ng7+ {[%emt 0:00:29]} Kd7 {[%emt 0:00:26]} 25. Qxf5+ {[%emt 0:03:30]} Kd8 {[%emt 0:00:25]} 26. Ne6+ {[%emt 0:01:35] Double Attack} Kc8 {[%emt 0:02:45]} 27. Nxc5+ {[%emt 0:00:12]} Kb8 {[%emt 0:00:55]} 28. Nxb7 Kxb7 29. Qf3 {[%emt 0:00:57]} Rhf8 {[%emt 0:00:44]} 30. Qxc6+ {[%emt 0:00:10]} Kxc6 {[%emt 0:00:19]} 31. Rxf8 {[%emt 0:00:03]} Rxf8 {[%emt 0:00:18]} 32. Rf1 {[%emt 0:00:02]} Rb8 {[%emt 0:00:28]} 33. b3 {[%emt 0:00:17]} Kd5 34. Rf4 {[%emt 0:00:20]} a5 {[%emt 0:00:48]} 35. e4+ {[%emt 0:00:21]} Ke6 {[%emt 0:00:38]} 36. g4 {[%emt 0:00:28]} Rh8 {[%emt 0:00:36]} 37. Kg2 {[%emt 0:00:13]} c6 {[%emt 0:00:57]} 38. Kg3 {[%emt 0:00:10]} Rd8 {[%emt 0:00:24]} 39. g5 {[%emt 0:00:12]} c5 {[%emt 0:00:10]} 40. Rf6+ {[%emt 0:00:14]} Ke7 {[%emt 0:00:17]} 41. d5 {[%emt 0:00:13]} Rc8 {[%emt 0:00:57]} 42. c4 {[%emt 0:00:13]} Rg8 {[%emt 0:00:27]} 43. Kg4 {[%emt 0:00:15]} Rh8 {[%emt 0:00:35]} 44. h4 {[%emt 0:00:08]} Ra8 {[%emt 0:00:55]} 45. g6 {[%emt 0:00:46]} a4 {[%emt 0:00:08]} 46. g7 {[%emt 0:00:17]} Rg8 {[%emt 0:00:22]} 47. Rg6 {[%emt 0:00:18]} Kf7 {[%emt 0:00:19]} 48. h5 {[%emt 0:00:07]} a3 {[%emt 0:00:49]} 49. Kg5 {[%emt 0:00:22]} Rxg7 {[%emt 0:00:49]} 50. Rxg7+ {[%emt 0:00:09]} Kxg7 {[%emt 0:00:22]} 51. e6 {[%emt 0:00:04]} Kf8 {[%emt 0:00:18]} 52. d6 {[%emt 0:00:07]} Ke8 {[%emt 0:00:16]} 53. h6 {[%emt 0:00:08]} Kd8 {[%emt 0:00:21]} 54. h7 {[%emt 0:00:09]} Kc8 {[%emt 0:00:04]} 55. h8=Q+ {[%emt 0:00:07]} Kb7 {[%emt 0:00:09]} 56. Qd8 {[%emt 0:00:24]} Ka6 {[%emt 0:00:13]} 57. Qb8 {[%emt 0:00:14]} Ka5 {[%emt 0:00:10]} 58. Qb5# {[%emt 0:00:08]} *

[Event "Torneo Interdepartamental 2020"]
[Site "Punta del Este"]
[Date "2020.10.31"]
[Round "1.12"]
[White "Agrasot, Antonio"]
[Black "Barboza, Mauro"]
[Result "0-1"]
[WhiteElo "1560"]
[BlackElo "1874"]
[Annotator "NA RC"]
[PlyCount "151"]
[EventDate "2020.10.31"]
[EventType "team-tourn"]
[EventCountry "URU"]
[SourceTitle "playchess.com"]
[Source "ChessBase"]
[SourceQuality "1"]
[TimeControl "3600+30"]

{[%evp 24,151,10,32767,32767,32767,32767,32767,32767,32767,32767,32767,32767,32767,-60,32767,32767,32767,32767,32767,32767,32767,32767,32767,-85,-126,-164,-237,-227,-434,-142,-147,-112,-152,-112,-116,32767,32767,32767,32767,-108,-65,-76,32767,32767,-74,-19,-91,-48,-107,-90,-150,-67,-95,-100,-101,-59,32767,-16,-8,-8,-6,0,0,-7,0,0,0,0,0,0,0,0,-30,0,0,-60,-277,0,-247,-8,-8,0,-251,-249,-368,-1113,-416,-656,-935,-1117,-5408,-1195,-1083,32767,32767,32767,32767,32767,32767,32767,32767,32767,32767,32767,32767,-29975,-29979,-29981,-29981,-29982,-29982,-29981,-29981,-29974,-29975,0,0,-27992,-29976,-29977,-29977,-29978,-29978,-29978,-29984,-27999,-27996,-29991,-27999]} 1. e4 {[%emt 0:00:00]} e5 {[%emt 0:00:00]} 2. Nf3 {[%emt 0:00:00]} Nc6 {[%emt 0:00:00]} 3. d4 {[%emt 0:00:14]} exd4 {[%emt 0:00:00]} 4. Nxd4 {[%emt 0:00:16]} Bc5 {[%emt 0:00:00]} 5. Nxc6 {[%emt 0:00:54]} bxc6 {[%emt 0:00:06]} 6. Bd3 {[%emt 0:00:27]} d6 {[%emt 0:00:32] 6...d6 was played by the boomers.} 7. O-O {[%emt 0:00:30]} Nf6 {[%emt 0:03:19]} 8. Be3 {[%emt 0:01:52] C45: Scotch Game.} Bxe3 9. fxe3 {[%emt 0:00:09] [#]} Rb8 $146 {[%emt 0:06:03]} ({Predecessor:} 9... Qe7 10. Nc3 Qe5 11. Qf3 Rb8 12. Rab1 O-O 13. Qf4 Re8 14. Qxe5 Rxe5 15. h3 Bd7 {0-1 (62) Murzynski,R (1637)-Ludewig,R (1897) Differdingen 2007}) 10. b3 {[%emt 0:01:25]} Qe7 {[%emt 0:00:16]} 11. Nd2 {[%emt 0:01:16]} Bg4 {[%emt 0:01:09]} 12. Qe1 {[%emt 0:00:29]} Bh5 {[%emt 0:05:07]} 13. Qh4 {[%emt 0:01:50]} Bg6 {[%emt 0:00:18]} 14. Rae1 {[%emt 0:02:00]} O-O {[%emt 0:02:30]} 15. e5 {[%emt 0:03:17]} Qxe5 {[%emt 0:01:57]} 16. Bxg6 {[%emt 0:01:35]} fxg6 {[%emt 0:00:46]} 17. h3 {[%emt 0:01:59]} d5 {[%emt 0:00:31]} 18. Qd4 {[%emt 0:01:05]} Rfe8 {[%emt 0:01:26]} 19. Qxe5 {[%emt 0:04:25]} Rxe5 {[%emt 0:00:09]} 20. Nf3 {[%emt 0:00:08]} Re7 {[%emt 0:00:27]} 21. Nd4 {[%emt 0:00:56]} Rb6 {[%emt 0:00:15]} 22. b4 {[%emt 0:01:08]} Ne4 {[%emt 0:01:37]} 23. a4 {[%emt 0:00:57]} Re8 {[%emt 0:06:48]} 24. a5 {[%emt 0:02:13]} Rxb4 {[%emt 0:02:20]} 25. Nxc6 {[%emt 0:00:24]} (25. Rb1 $17 Rxb1 26. Rxb1) 25... Rc4 {[%emt 0:03:56]} 26. Nxa7 $2 {[%emt 0:00:46]} (26. Nd4 {was the only defense.}) 26... Ra8 $2 {[%emt 0:00:18]} (26... Nc3 $19 27. Kh2 Ra8) 27. Nb5 {[%emt 0:00:29]} Rxa5 {[%emt 0:01:11]} 28. Ra1 {[%emt 0:00:18]} Rxa1 {[%emt 0:00:13]} 29. Rxa1 Rxc2 {[%emt 0:00:14]} 30. Ra8+ {[%emt 0:01:10]} Kf7 31. Ra7 Rc1+ {[%emt 0:06:23]} 32. Kh2 {[%emt 0:00:44]} Kf6 33. Nxc7 {[%emt 0:02:11]} Ke5 {[%emt 0:16:53]} 34. Ne8 {[%emt 0:01:09]} Rc3 {[%emt 0:00:39]} 35. Re7+ $1 {[%emt 0:02:18]} Kf5 {[%emt 0:00:08]} 36. Rxg7 {[%emt 0:01:14]} ({Better is} 36. Nc7 $15) 36... Rxe3 {[%emt 0:00:44]} 37. Nc7 {[%emt 0:02:24]} (37. Rxh7 $142 d4 38. Rd7) 37... Nc3 {[%emt 0:04:45]} (37... Nf6 $17 38. Nb5 Ke4) 38. Rxh7 {[%emt 0:03:15]} d4 {[%emt 0:00:19]} 39. Rf7+ {[%emt 0:00:26]} Kg5 {[%emt 0:00:47]} 40. h4+ {[%emt 0:01:54]} Kh5 {[%emt 0:03:56]} 41. Rd7 {[%emt 0:02:44]} d3 {[%emt 0:00:31]} 42. Nd5 $1 {[%emt 0:01:07]} Nxd5 {[%emt 0:00:33]} 43. Rxd5+ {[%emt 0:00:03]} Kxh4 {[%emt 0:00:31]} 44. Rd4+ $1 {[%emt 0:00:28]} Kg5 {[%emt 0:00:35]} 45. Kg1 {[%emt 0:02:32]} Kf5 {[%emt 0:01:39]} 46. Kf2 $1 {[%emt 0:00:55]} Re2+ {[%emt 0:00:15]} 47. Kf3 {[%emt 0:00:06]} Rd2 {[%emt 0:00:10]} 48. g4+ {[%emt 0:03:29]} Kg5 {[%emt 0:01:07]} 49. Ke3 {[%emt 0:02:01]} Rd1 {[%emt 0:00:09]} 50. Kf2 {[%emt 0:03:20]} Kh4 {[%emt 0:00:31]} 51. Kf3 $19 {[%emt 0:02:42]} (51. Rd6 $1 $11) 51... Rh1 {[%emt 0:02:06]} 52. Kg2 $1 {[%emt 0:01:18]} Rd1 {[%emt 0:00:04]} 53. Kf3 {[%emt 0:01:30] [#]} d2 $1 {[%emt 0:00:04]} 54. Ke2 $2 {[%emt 0:00:43]} (54. Kg2) 54... Rg1 {[%emt 0:00:11]} 55. Kxd2 {[%emt 0:01:19]} Rxg4 {[%emt 0:00:12]} 56. Rd8 {[%emt 0:00:35]} Re4 {[%emt 0:00:38]} 57. Kd3 {[%emt 0:00:49]} Re5 {[%emt 0:00:13]} 58. Rd4+ {[%emt 0:02:10]} Kg3 {[%emt 0:00:18]} 59. Rd6 {[%emt 0:00:38]} g5 {[%emt 0:00:43]} 60. Rf6 {[%emt 0:00:30]} g4 {[%emt 0:00:15]} 61. Kd2 {[%emt 0:00:41]} Kg2 {[%emt 0:00:11]} 62. Rg6 {[%emt 0:00:57]} g3 {[%emt 0:00:11]} 63. Rf6 {[%emt 0:00:18]} Kg1 {[%emt 0:00:13]} 64. Rg6 {[%emt 0:01:00]} g2 {[%emt 0:00:18]} 65. Rg7 {[%emt 0:00:33]} Rh5 {[%emt 0:00:36]} 66. Ke2 Kh2 67. Kf2 Rf5+ 68. Ke2 {[%emt 0:04:11]} Rf4 {[%emt 0:02:06]} 69. Rh7+ {[%emt 0:00:58]} Kg3 $2 {[%emt 0:00:10]} 70. Rg7+ {[%emt 0:00:06]} Kh2 {[%emt 0:01:03]} 71. Rh7+ {[%emt 0:00:14]} Kg1 {[%emt 0:00:12] mates} 72. Ke3 {[%emt 0:00:53]} (72. Rh8 Re4+ 73. Kd3 {[#]} Kf2 $1 {[%mdl 512]} 74. Kxe4 g1=Q 75. Rf8+ Ke2 76. Rf6 Qe3+ 77. Kd5 Qg5+ 78. Ke6 Ke3 79. Kf7 Qh5+ 80. Ke7 Qh4 81. Kf7 Qc4+ 82. Kg6 Qg4+ 83. Kf7 Qc4+ 84. Ke8 Qc8+ 85. Ke7 Qc7+ 86. Kf8 Ke4 87. Ke8 Ke5 88. Rg6 Kf5 89. Rh6 Qe5+ 90. Kf7 Qc7+ 91. Ke8 Qe5+ 92. Kf7 Qd4 93. Rh5+ Kg4 94. Rh6 Qd7+ 95. Kf6 Qd6+ 96. Kg7 Qd7+ 97. Kf6 Qd6+ 98. Kg7 Qe7+ 99. Kg8 Qe8+ 100. Kg7 Kg5 101. Rh1 Qe5+ 102. Kf8 Qc5+ 103. Kg7 Qa7+ 104. Kf8 Qa8+ 105. Ke7 Qxh1 106. Kd6 Kf6 107. Kc5 Qe4 108. Kb5 Ke7 109. Kc5 Kd7 110. Kb5 Kd6 111. Ka6 Qb4 112. Ka7 Kc6 113. Ka8 Qb7#) 72... Rf6 {[%emt 0:00:55]} 73. Ke2 {[%emt 0:00:00]} Re6+ {[%emt 0:00:18]} 74. Kf3 {[%emt 0:00:34]} Kf1 {[%emt 0:00:12]} 75. Ra7 {[%emt 0:01:59]} g1=Q {[%emt 0:00:13]} 76. Ra8 0-1

[Event "Torneo Interdepartamental 2020"]
[Site "Punta del Este"]
[Date "2020.10.31"]
[Round "2.1"]
[White "Moreira, Marcelo"]
[Black "Dominguez, Facundo"]
[Result "1/2-1/2"]
[WhiteElo "2077"]
[BlackElo "2170"]
[Annotator "TA"]
[PlyCount "124"]
[EventDate "2020.10.31"]
[EventType "team-tourn"]
[EventCountry "URU"]
[SourceTitle "playchess.com"]
[Source "ChessBase"]
[SourceQuality "1"]

{[%evp 22,124,59,29,52,50,67,62,58,60,69,66,72,60,52,58,72,64,76,10,56,49,64,56,57,62,62,62,59,-70,-56,-64,-70,-64,-71,-79,-61,-74,-64,-90,-125,-217,-56,-77,-64,-79,-60,-59,-62,-189,208,187,331,322,469,385,402,459,523,523,629,614,575,577,551,0,0,0,727,620,692,664,627,616,635,0,0,0,0,0,0,0,0,0,0,-57,-57,-57,-57,-57,-57,-57,-57,-57,-57,-57,-16,-16,-16,-16,-16,-16,-16,-16,-16]} 1. d4 Nf6 2. c4 c5 3. Nf3 cxd4 4. Nxd4 Nc6 5. Nc3 g6 6. g3 Bg7 7. Bg2 O-O 8. O-O Nxd4 9. Qxd4 d6 10. Qd3 Bf5 11. e4 Be6 12. Bd2 Rc8 {A39: Symmetrical English vs ...g6: 4 Bg2 Bg7 5 Nf3 Nf6 6 0-0 0-0 7 d4.} 13. b3 $1 Nd7 14. Rac1 Nc5 {White is slightly better.} 15. Qe2 Qd7 16. Nd5 Rfe8 17. Bc3 {[#]} Bxd5 $146 ({Predecessor:} 17... Bh3 18. Bxg7 Bxg2 19. Kxg2 Kxg7 20. b4 Ne6 21. Qe3 b6 22. f4 Nc7 23. f5 Nxd5 24. exd5 {½-½ (38) Bolbochan,J (2470)-Slutzkin,U (2295) Netanya 1993}) 18. exd5 a6 19. Bxg7 Kxg7 20. a4 (20. b4 $16 Na4 21. Qe3) 20... Kg8 21. Rc3 Rb8 22. Ra1 b5 23. cxb5 axb5 24. a5 b4 25. Rxc5 (25. Rf3 $14) 25... dxc5 $15 26. Qc4 Qd6 27. a6 Ra8 28. Bf1 Red8 29. Rc1 Rac8 30. Qe4 Qxd5 31. Qxe7 (31. Qxd5 $17 {was necessary.} Rxd5 32. Bg2) 31... Re8 $2 (31... Qxb3 $19 32. Rxc5 Qe6 33. Qxe6 fxe6) 32. Qf6 Qd2 33. Ra1 Re6 34. Qf3 $1 {aiming for a7.} Qd4 $1 {[%cal Rd4a1]} 35. Rd1 ({White should try} 35. Ra2 $15 Qe4 36. Kg2 (36. Qxe4 Rxe4 37. Kg2 Kg7 $15)) 35... Qc3 $4 {[%mdl 8192]} (35... Rf6 $1 $19 {[%cal Rf6f3] and life is good for Black.} 36. Qe2 Rxf2 $1 {[%mdl 512]} 37. Rxd4 Rxe2) 36. Qb7 $18 {[%mdl 1024] White has strong compensation.} Ree8 (36... Rf8 $142) 37. Bc4 Kh8 (37... Rf8 $142 38. a7 Qf6) 38. Rd7 Rb8 39. Qd5 {[%mdl 64] Double Attack} Rf8 40. a7 Rbe8 41. Rxf7 Rxf7 42. Qxf7 {[%mdl 4096] Endgame KQR-KQB} Qe1+ {[#]} 43. Kg2 $2 ({White has to play} 43. Bf1 $1 $18) 43... Qe4+ $11 44. f3 {[%cal Rf7f6]} Qe5 $2 {[%mdl 8192]} (44... Qc2+ $11 45. Kg1 (45. Kh3 Qf5+ 46. Qxf5 gxf5 $15) 45... Qc1+ 46. Bf1 (46. Kg2 Qd2+ 47. Kh3 Qh6+ 48. Kg2 Qd2+ 49. Kh3 Qh6+ 50. Kg2 Qd2+ $11) 46... Qe3+ 47. Kh1 Qe1 48. Qf6+ Kg8) 45. Qd5 Qb2+ 46. Kh3 Qa1 47. Qc6 Rd8 48. Qxc5 $2 (48. Bd5 $18) 48... Ra8 49. Qxb4 {Intending Qb8+ and mate.} Qxa7 50. Qd6 Re8 51. b4 Qe7 52. Qd4+ Qg7 53. Qh4 (53. Qd3 $11) 53... Qd7+ $15 54. Qg4 Qxg4+ 55. Kxg4 {KR-KB} Rd8 {Hoping for ...Rd4+.} 56. f4 Rd4 57. Be6 Rxb4 58. h4 Kg7 59. h5 {The position is equal.} Kf6 60. Bg8 Rb7 {Strongly threatening ...gxh5+.} 61. hxg6 hxg6 62. Bd5 Rb6 {What a bad dream for Black. Av CentiPawn Loss W=-40/B=-38. Weighted=-49/-45} 1/2-1/2

[Event "Torneo Interdepartamental 2020"]
[Site "Punta del Este"]
[Date "2020.10.31"]
[Round "2.2"]
[White "Carbone, Diego"]
[Black "Manteiga, Franco"]
[Result "1/2-1/2"]
[WhiteElo "2219"]
[BlackElo "1832"]
[Annotator "TA"]
[PlyCount "111"]
[EventDate "2020.10.31"]
[EventType "team-tourn"]
[EventCountry "URU"]
[SourceTitle "playchess.com"]
[Source "ChessBase"]
[SourceQuality "1"]

{[%evp 12,111,15,12,17,0,0,-7,0,-7,8,0,0,0,44,32,32,61,20,28,147,150,141,134,145,145,179,152,163,100,122,114,116,116,137,113,109,110,132,122,167,170,162,170,152,162,156,112,113,114,112,0,0,0,0,0,0,0,0,0,0,0,0,0,0,0,0,0,0,0,0,0,0,-12,0,0,0,-16,0,-23,-24,-161,-161,-155,-152,-154,-150,-241,-193,-184,-108,-161,0,0,0,0,0,0,0,0,0,-29979]} 1. d4 Nf6 2. c4 e6 3. g3 d5 4. Nf3 Bb4+ 5. Bd2 a5 6. Bg2 O-O 7. O-O dxc4 {E11: Bogo-Indian.} 8. Qc2 Bxd2 9. Qxd2 b5 10. Ne5 Ra6 11. a4 c6 $1 12. Na3 $36 {[%mdl 2048] [#] White has the initiative.} Qb6 $146 {[#]} (12... Bd7 {is interesting.} 13. Rfd1 Be8 14. h4 Ra7 15. e4 Qc7) ({Predecessor:} 12... Bd7 13. e4 Be8 14. Rfd1 Nbd7 15. Qe3 Qb8 16. f4 Nb6 17. Nxc6 Bxc6 18. axb5 Bxb5 19. Nxb5 {1-0 (103) Le,Q (2737)-Wang,H (2709) Huaian 2017}) 13. Nxc6 $1 {[%mdl 576] Remove Defender} Nxc6 14. axb5 Nxd4 {White must now prevent ...c3.} 15. bxa6 Nb3 (15... Bxa6 $11 {remains equal.} 16. Rad1 e5) 16. Nxc4 $16 Qxa6 17. Qc2 Nxa1 18. Rxa1 Bd7 19. Rxa5 Qc8 20. Ra8 (20. b4 $18) 20... Qc7 21. Rxf8+ Kxf8 22. Qc3 Kg8 23. Qb4 h6 24. b3 {[%cal Bb2b3,Bb3b4][%mdl 32]} Bc8 25. Bf3 Ba6 26. Qd6 $1 {[%cal Rd6c7]} Qxd6 27. Nxd6 $18 {[%mdl 4096] Endgame KBN-KBN} Nd7 28. b4 {Hoping for b5.} Nb6 29. Kf1 Kf8 30. Ke1 Ke7 31. Ne4 (31. Nb7 $1 $16) 31... Nd5 $11 32. Nc5 Nxb4 33. Kd2 Bc8 34. Kc3 Na6 35. Nd3 Nc7 36. Ne5 Ne8 37. h4 Kf6 38. Kd4 Nd6 39. Ng4+ Ke7 $1 40. Kc5 Bb7 41. Bxb7 Nxb7+ {KN-KN} 42. Kc6 Nd8+ (42... Nd6 {with more complications.} 43. Ne3 Ne4 44. Nd1 Kf6 45. Kb5 Ke5) 43. Kc7 f6 44. f3 Nf7 45. Nf2 Nd6 46. g4 {[#]} (46. Kb6 $11 {and White has nothing to worry.}) 46... Nb5+ $1 $19 47. Kb6 Nd4 48. Kc5 Nxe2 49. Nh3 (49. Nd3 $17) 49... g5 50. hxg5 hxg5 (50... fxg5 $19 51. Nf2 Ng1) 51. Kc4 $17 {[#]} Kd6 $2 (51... Kf7 $1 $19 52. Kc5 e5) 52. Kd3 $11 {The position is equal.} Nf4+ 53. Nxf4 gxf4 54. Ke4 e5 55. Kf5 Ke7 {And now ...Kf7 would win.} 56. Ke4 $2 {[%mdl 40960] Both players deserved the win here. Av CentiPawn Loss W=-33/B=-12. Weighted=-29/-10. An unexpected result.} (56. g5 $11 fxg5 57. Kxe5) 1/2-1/2

[Event "Torneo Interdepartamental 2020"]
[Site "Punta del Este"]
[Date "2020.10.31"]
[Round "2.3"]
[White "Taran, Ignacio"]
[Black "Bustelo, Tabare"]
[Result "1/2-1/2"]
[WhiteElo "1676"]
[BlackElo "2053"]
[Annotator "TA"]
[PlyCount "102"]
[EventDate "2020.10.31"]
[EventType "team-tourn"]
[EventCountry "URU"]
[SourceTitle "playchess.com"]
[Source "ChessBase"]
[SourceQuality "1"]

{[%evp 24,102,18,34,87,88,84,73,104,56,68,58,92,43,41,65,56,28,50,12,66,34,75,84,83,83,137,142,139,136,192,187,182,113,185,171,170,108,225,217,229,231,237,237,231,231,234,182,183,170,201,129,145,147,174,130,202,161,306,300,295,296,337,270,302,312,313,307,275,163,355,355,365,135,372,351,367,0,178,0,371]} 1. e4 c5 2. Nf3 Nc6 3. d4 cxd4 4. Nxd4 e5 5. Nb5 d6 6. N1c3 a6 7. Na3 b5 8. Nd5 Nge7 9. c4 Nd4 10. Bd3 Nxd5 11. cxd5 Be7 12. O-O O-O 13. Be3 f5 {B32: Sicilian: Löwenthal and Kalashnikov Variations.} (13... Bd7 $14) 14. Bxd4 $1 $16 exd4 15. Nc2 Qb6 {[#] White is better.} 16. Nb4 $146 ({Predecessor:} 16. Qd2 Bb7 17. Nb4 f4 18. Rfc1 f3 19. Nc6 Bxc6 20. Rxc6 Qd8 21. g3 Bf6 22. a4 {0-1 (36) Rajevic,G (2260)-Pavlovic,D (2405) Banja Vrujci 2017}) 16... fxe4 17. Bxe4 Bf5 18. Qd3 Bxe4 $1 19. Qxe4 Bf6 20. Rac1 Rae8 21. Qg4 a5 (21... Qa5 $11 22. a3 Qa4) 22. Rc6 $36 {[%mdl 2048] White has the initiative.} Qd8 23. Nd3 Qe7 24. g3 Qe2 (24... Be5 $142) 25. Qxe2 Rxe2 {[#]} 26. Rd1 $1 ({Worse is} 26. Rxd6 Rd2 $11) 26... b4 (26... a4 $16 27. Rxd6 a3) 27. Kf1 $18 Ree8 {[#]} 28. Nf4 ({But not} 28. Rxd6 $6 Rd8 $16) (28. Re1 $1 $18) 28... Re5 (28... Rb8 $16 {was called for.} 29. Ne6 (29. Rxd6 Be5 $14) 29... Rfc8) 29. Rxd6 Rf5 {intending ...Be5.} 30. Nd3 ({White should try} 30. Ne6 $18) 30... g5 (30... Rd8 $16 31. Rxd8+ Bxd8) 31. Re1 g4 32. Re4 h5 33. Rf4 Rxf4 34. gxf4 {[%mdl 4096] Endgame KRB-KRN} Bg7 35. Rc6 Rd8 36. Rc5 a4 37. d6 Rxd6 38. Rxh5 Rb6 39. Rg5 b3 (39... a3 $16) 40. axb3 axb3 (40... Rxb3 {was necessary.} 41. Ke2 Kf7 42. Rxg4 Bf6) 41. Rxg4 Kf8 42. Kg2 Rc6 43. Rg3 Rc2 44. Kf3 Rd2 45. Kg4 Kf7 46. h4 (46. Kf5 $142) 46... Kf6 $2 (46... Ke6 47. h5 Bh6) 47. h5 Bh6 48. Rf3 $2 (48. Nc5 $18 {is the precise move to win. Strongly threatening Ne4+.} Rxb2 49. Rxb3 Rxb3 50. Nxb3) 48... Bf8 $2 (48... Rc2 $16 49. Rh3 Ke6 50. f5+ Kf6) 49. Rh3 Bh6 50. Rf3 (50. Nc5 $142 {Threatens to win with Ne4+.} Rxb2 51. Rxb3 Rxb3 52. Nxb3) 50... Bf8 51. Rh3 $2 (51. Nc1) 51... Bh6 {[%mdl 32768] Av CentiPawn Loss W=-25/B=-49. Weighted=-27/-48. An unexpected result.} 1/2-1/2

[Event "Torneo Interdepartamental 2020"]
[Site "Punta del Este"]
[Date "2020.10.31"]
[Round "2.4"]
[White "Caitano, Martin Joel"]
[Black "Braso, Jorge"]
[Result "1-0"]
[WhiteElo "2086"]
[BlackElo "2100"]
[Annotator "TA"]
[PlyCount "50"]
[EventDate "2020.10.31"]
[EventType "team-tourn"]
[EventCountry "URU"]
[SourceTitle "playchess.com"]
[Source "ChessBase"]
[SourceQuality "1"]

{[%evp 22,50,16,14,24,-37,-31,-32,3,7,51,28,50,44,71,70,220,206,213,205,228,231,223,202,239,240,436,446,1092,1027,1029]} 1. d4 Nf6 2. c4 e6 3. Nf3 d5 4. Bg5 Be7 5. Nc3 O-O 6. e3 Nbd7 7. Rc1 c6 8. Bh4 Ne4 9. Bxe7 Qxe7 10. Be2 Nxc3 11. Rxc3 dxc4 12. Bxc4 e5 {D60: Queen's Gambit Declined: Classical: Unusual White 7th moves.} 13. d5 ({White should try} 13. O-O $11) 13... e4 $15 14. Nd4 cxd5 {Black is slightly better.} 15. Bxd5 Nf6 (15... Nb6 $5 {[%cal Rb6d5]} 16. Bb3 Qg5 $11) 16. Bb3 Qe5 17. Qc2 Qg5 {[#]} 18. O-O $1 $36 {[%mdl 2048] White fights for an advantage.} Bh3 {This move loses the game for Black.} (18... b6 $14) 19. f4 $18 Qg6 20. f5 Qg5 21. Kh1 Bg4 22. Qf2 Rad8 23. h3 Rd6 $2 (23... Qh6 {was necessary.} 24. Kg1 Bxh3 25. gxh3 Qxh3) 24. Qg3 {[%mdl 64] [#] Pin} Qh5 (24... Rdd8 $142 25. hxg4 Qxg4 26. Qxg4 Nxg4) 25. Qxd6 Bxh3 {Av CentiPawn Loss W=-14/B=-85. Weighted=-10/-86} 1-0

[Event "Torneo Interdepartamental 2020"]
[Site "Punta del Este"]
[Date "2020.10.31"]
[Round "2.5"]
[White "Pena Canapa, Alfredo"]
[Black "Ibanez, Juan Rodrigo"]
[Result "1-0"]
[WhiteElo "1810"]
[BlackElo "2107"]
[Annotator "TA"]
[PlyCount "82"]
[EventDate "2020.10.31"]
[EventType "team-tourn"]
[EventCountry "URU"]
[SourceTitle "playchess.com"]
[Source "ChessBase"]
[SourceQuality "1"]

{[%evp 17,82,10,54,47,59,21,9,33,26,0,22,17,27,26,41,0,29,28,38,25,41,53,62,63,85,70,83,65,53,42,56,72,93,97,125,123,139,0,28,0,114,114,225,0,0,-3,-11,-11,-11,-836,-836,-818,-816,-775,-775,-694,-687,-1225,-1148,-29962,-2739,-29995,-29990,-29990,-29991,-29991,-29992]} 1. e4 e5 2. Nf3 d6 3. d4 exd4 4. Nxd4 Nf6 5. Nc3 Be7 6. Be2 O-O 7. O-O Re8 8. f4 Bf8 9. Bf3 Nbd7 (9... c5 $5 {[%cal Rc5d4]} 10. Nb3 Nc6 $11) 10. Re1 {C41: Philidor Defence.} a5 11. a4 Nc5 {[#]} 12. h3 $146 {The position is equal.} ({Predecessor:} 12. Kh1 c6 13. Nb3 Nxb3 14. cxb3 Qc7 15. Be3 Nd7 16. Qc2 Nc5 17. Bxc5 dxc5 18. e5 {1-0 (64) Le Bail,C (2040)-Boulan,L (1988) Guingamp 2009}) 12... c6 13. Kh1 Qb6 14. b3 h6 15. Bb2 Bd7 16. Qd2 Rad8 17. Rad1 Bc8 18. Ba1 Na6 19. g4 Nc5 20. Qg2 d5 21. exd5 Rxe1+ 22. Rxe1 cxd5 23. Nxd5 Nxd5 24. Bxd5 Ne6 25. Nxe6 fxe6 26. Be4 Bb4 27. c3 (27. Rf1 $16) 27... Bf8 28. g5 {[#] aiming for gxh6.} hxg5 (28... Qxb3 $11 29. Qg4 e5) 29. fxg5 $16 {Strongly threatening Qf3.} ({Reject} 29. Qxg5 $6 Qf2 $14) 29... Qxb3 (29... Be7 $16 30. Qf3 Bd7) 30. Qe2 $2 ({Better is} 30. Qg4 $18 {Threatens to win with Qh5.} g6 31. Bxg6) 30... Bd7 $1 $11 {[%cal Rd7a4]} 31. g6 {Qh5 would kill now.} Bc6 $1 {[%cal Rc6e4]} 32. Bxc6 bxc6 33. c4 $2 {[%mdl 8192] [#] White does not recover from this.} (33. Qf3 $11) 33... Qxh3+ $19 34. Qh2 Qf3+ 35. Qg2 Qh5+ 36. Qh2 Qxg6 37. Bc3 Rd3 38. Bxa5 Qf5 (38... Bd6 $142 39. Qh4 Qf5 40. Qd8+ Bf8 41. Qxd3 Qxd3 42. Bb6 Bb4 43. Rxe6 Qh3+ {[%mdl 64] Double Attack} 44. Kg1 Qxe6 45. a5 Qxc4 46. Kf2 Bc5+ 47. Bxc5 Qxc5+ {[%mdl 64] Double Attack} 48. Ke2 Qxa5 49. Kd3 Qd5+ 50. Ke2 c5 51. Ke3 c4 52. Kf4 c3 53. Kg4 c2 54. Kg3 c1=Q 55. Kh2 Qch1+ 56. Kg3 Qdf3#) 39. Qe5 Qh3+ {Black mates.} 40. Qh2 Qf3+ 41. Qg2 Qh5+ {[%mdl 32832] Double Attack. Av CentiPawn Loss W=-116/B=-48. Weighted=-166/-40. Loss on time!?} 1-0